00646nam a2200169Ia 4500001001100000003000500011008004100016010001100057040000900068100002700077245011500104260003400219300002200253502010500275700004600380710005000426Para_10204CHAP220125sJuni xx 000 0 und d a208888 cCHAP aPérez Ibarra, Sergio aCatálogo de plagas reguladas en México /c Sergio Pérez Ibarra. Director Luis Emilio Castillo Márquez aChapingo, Méx. :b el autor a1 CDS ROM (10 p.) aTesis (Ing. Agr. Esp. en Parasitología Agrícola). UACh. Departamento Parasitología Agrícola aCastillo Márquez, Luis Emilio. Director aUACh. Departamento Parasitología Agrícola